[Event "49th Rilton Cup 2019-20"]
[Site "Stockholm"]
[Date "2019.12.31"]
[Round "5.23"]
[White "Acikel, Mert"]
[Black "Schoppen, Casper"]
[Result "1-0"]
[WhiteElo "2094"]
[BlackElo "2507"]
[Annotator "TA"]
[PlyCount "67"]
[EventDate "2019.12.27"]
[EventType "swiss"]
[EventCountry "SWE"]
[SourceTitle "playchess.com"]
[Source "ChessBase"]
[SourceQuality "1"]

{[%evp 16,67,11,-6,-7,-6,-14,-14,0,-3,0,0,0,-13,16,-12,7,-5,8,0,15,15,27,22,28,31,29,27,86,57,53,49,70,61,60,69,116,106,105,91,382,334,322,337,716,716,713,713,1148,1154,1129,1121,1108,1085]} 1. e4 c5 2. Nf3 d6 3. d4 cxd4 4. Nxd4 Nf6 5. Nc3 a6 6. Be3 e5 7. Nf3 Be7 8. Bc4 O-O 9. a4 Be6 {B90: Sicilian Najdorf: Unusual White 6th moves, 6 Be3 Ng4 and 6 Be3 e5} (9... Nc6 10. O-O Na5 11. Ba2 Be6 12. Qd3 Rc8 13. Bxe6 fxe6 14. Rad1 Qc7 15. Bc1 h6 16. Qe2 Qc4 17. Rd3 b5 18. axb5 axb5 {0-1 (33) Smeets,J (2647)-Van Wely,L (2675) playchess.com INT 2011}) 10. Ba2 $146 ({Predecessor:} 10. Bb3 Nc6 11. Bg5 Rc8 12. Bxf6 Bxf6 13. Nd5 Bxd5 14. Qxd5 Ne7 15. Qd3 d5 16. O-O d4 17. g3 {½-½ (25) Manik,M (2408)-Sabuk,P (2377) Polanica Zdroj 2018}) 10... Nc6 11. O-O Qc7 {The position is equal.} 12. Bg5 Ne8 13. Nd5 Bxd5 $1 14. exd5 Nb8 15. Bxe7 (15. Bd2 {with more complications.} a5 16. Be3 Nd7 17. c3 f5 18. Bb3) 15... Qxe7 16. a5 Nd7 17. Qd2 Nef6 18. b4 Ne4 19. Qe3 f5 20. c4 Rac8 21. Rac1 Kh8 (21... Ndf6 $11 {keeps the balance.}) 22. Rfd1 Ndf6 23. h3 g5 24. c5 g4 {[#] ...f4 is the strong threat.} 25. cxd6 $1 Qxd6 26. Rxc8 Rxc8 27. Ng5 $36 {[%mdl 2048] White is in control.} Qxb4 $2 {[%mdl 8192] [#]} (27... Nxg5 $16 28. Qxg5 gxh3) 28. d6 $1 {[%mdl 512] Black must now prevent d7.} f4 (28... Nxd6 29. Rxd6) 29. d7 Rf8 $2 (29... Rd8 30. Nf7+ {[%mdl 64] Double Attack} Kg7) 30. Qb6 $18 {White is clearly winning.} Qxb6 31. axb6 Nxg5 32. d8=Q Rxd8 33. Rxd8+ Kg7 34. Rb8 {Accuracy: White = 65%, Black = 33%.} 1-0

[Event "49th Rilton Cup 2019-20"]
[Site "Stockholm"]
[Date "2019.12.31"]
[Round "5.24"]
[White "Ippolito, Dean"]
[Black "Hauge, Lars Oskar"]
[Result "0-1"]
[WhiteElo "2356"]
[BlackElo "2504"]
[Annotator "RC"]
[PlyCount "68"]
[EventDate "2019.12.27"]
[EventType "swiss"]
[EventCountry "SWE"]
[SourceTitle "playchess.com"]
[Source "ChessBase"]
[SourceQuality "1"]
[TimeControl "40/5400+30:1800+30"]

1. d4 {[%emt 0:00:00]} f5 {[%emt 0:00:00]} 2. c4 {[%emt 0:00:00]} Nf6 {[%emt 0:00:00]} 3. g3 {[%emt 0:00:00]} d6 {[%emt 0:00:00]} 4. Nf3 {[%emt 0:00:12]} g6 {[%emt 0:00:00]} 5. Bg2 {[%emt 0:00:05]} Bg7 {[%emt 0:00:00]} 6. O-O {[%emt 0:00:22]} O-O {[%emt 0:00:03]} 7. Nc3 {[%emt 0:00:25]} e6 {[%emt 0:00:36]} 8. b3 {[%emt 0:04:41]} Qe7 {[%emt 0:05:50]} 9. Ba3 {[%emt 0:01:58]} Nc6 {[%emt 0:09:48]} 10. Qc2 {[%emt 0:06:55]} a5 {[%emt 0:06:22]} 11. Rad1 {[%emt 0:03:13]} Nb4 {[%emt 0:03:28]} 12. Qb1 {[%emt 0:02:49]} e5 {[%emt 0:00:57]} 13. dxe5 {[%emt 0:09:18]} dxe5 {[%emt 0:00:13]} 14. e4 {[%emt 0:03:51]} f4 {[%emt 0:02:23]} 15. h3 {[%emt 0:09:01]} g5 {[%emt 0:04:36]} 16. gxf4 {[%emt 0:12:01]} gxf4 {[%emt 0:10:13]} 17. Nd5 {[%emt 0:12:57]} Nfxd5 {[%emt 0:02:18]} 18. Rxd5 {[%emt 0:02:10]} Ra6 {[%emt 0:02:16]} 19. Kh2 {[%emt 0:03:36]} Rh6 {[%emt 0:09:46]} 20. Rxa5 {[%emt 0:00:05]} Bg4 {[%emt 0:03:38]} 21. Qd1 {[%emt 0:05:42]} Kh8 {[%emt 0:01:49]} 22. Rh1 {[%emt 0:09:09]} c5 {[%emt 0:00:34]} 23. Bxb4 {[%emt 0:03:47]} cxb4 {[%emt 0:00:06]} 24. Rd5 {[%emt 0:01:26]} Be6 {[%emt 0:00:57]} 25. Rd3 {[%emt 0:00:23]} Rg8 {[%emt 0:00:47]} 26. Rd6 {[%emt 0:03:56]} Bf6 {[%emt 0:01:40]} 27. Rg1 {[%emt 0:03:08]} Qf7 {[%emt 0:03:33]} 28. Ne1 {[%emt 0:01:54]} Be7 {[%emt 0:01:22]} 29. Rd3 {[%emt 0:00:34]} Bg4 {[%emt 0:00:39]} 30. Qa1 {[%emt 0:00:02]} f3 {[%emt 0:00:13]} 31. Qxe5+ {[%emt 0:00:52]} Bf6 {[%emt 0:00:06]} 32. Qd5 {[%emt 0:00:53]} Qc7+ {[%emt 0:02:22]} 33. Kh1 {[%emt 0:00:28]} Rg5 {[%emt 0:00:22]} 34. e5 Bxh3 {[%emt 0:00:34]} 0-1

[Event "49th Rilton Cup 2019-20"]
[Site "Stockholm"]
[Date "2020.01.02"]
[Round "6.1"]
[White "Volkov, Sergey"]
[Black "Urkedal, Frode Olav Olsen"]
[Result "1/2-1/2"]
[WhiteElo "2578"]
[BlackElo "2545"]
[Annotator "TA"]
[PlyCount "147"]
[EventDate "2019.12.27"]
[EventType "swiss"]
[EventCountry "SWE"]
[SourceTitle "playchess.com"]
[Source "ChessBase"]
[SourceQuality "1"]

{[%evp 14,147,13,4,31,0,0,0,0,9,1,0,15,-35,-30,-18,-43,-37,-13,-27,-16,-37,-46,-36,-35,-42,-42,-54,-55,-53,-40,-46,-51,-52,-44,-52,-53,-50,0,0,0,0,0,0,20,19,20,0,22,22,33,21,42,11,75,11,18,11,11,11,11,3,11,11,18,18,18,18,20,0,10,10,10,10,15,0,0,0,0,0,0,0,68,68,75,87,120,100,111,89,143,178,148,45,45,45,45,45,45,8,108,45,58,0,0,0,0,0,0,0,0,0,0,0,0,0,0,0,0,0,0,0,0,0,0,0,0,0,0,0,0,0,0,0,0,0]} 1. d4 Nf6 2. c4 e6 3. Nf3 d5 4. Nc3 Be7 ({Predecessor:} 4... Nbd7 5. c5 Be7 6. Bf4 Nh5 7. e3 O-O 8. Bd3 a5 9. a3 c6 10. O-O Nxf4 11. exf4 b6 {0-1 (44) Avetisyan,M (2051)-Arabidze,M (2397) Poti 2018}) 5. Bf4 O-O 6. e3 Nbd7 7. c5 c6 8. Bd3 Nh5 {D37: Queen's Gambit Declined: 5 Bf4} 9. O-O Nxf4 10. exf4 b6 11. b4 a5 12. a3 $1 Qc7 {[%cal Rb6c5]} 13. Ne5 $146 (13. g3 {seems wilder.} Ba6 14. Bxa6 Rxa6 15. Qe2 Raa8 16. Rfb1) (13. g3 Ba6 14. Kg2 Bxd3 15. Qxd3 Ra7 {½-½ (40) Giri,A (2797)-Radjabov,T (2756) Shamkir 2019}) 13... axb4 14. axb4 Rxa1 15. Qxa1 f6 16. Nxd7 Bxd7 17. g3 bxc5 18. bxc5 e5 19. Re1 {[%cal Rf4e5]} e4 20. Bf1 f5 21. Rb1 g5 22. Qa6 {Rb7 is the strong threat.} Bc8 23. Qb6 Qd7 24. Ne2 Bd8 25. Qb3 $1 gxf4 26. Nxf4 Bc7 27. Qe3 Qg7 28. Rb4 Kh8 29. Be2 Qg5 30. h3 Rg8 {Hoping for ...Bxf4.} 31. Kh2 Qh6 32. Ra4 Rf8 33. Bd1 Qf6 (33... Bxf4 $11 {keeps the balance.} 34. Qxf4 Qxf4 35. gxf4 Rf7) 34. Kg2 (34. Ra8 $16) 34... Bb8 $11 35. Bb3 Qg7 36. Rb4 Bc7 $1 37. Ba4 Qf6 38. Bd1 Qg5 39. Ra4 Bb8 40. Ra8 Bb7 41. Ra4 Bc8 42. Be2 Qg7 43. h4 Qf6 44. h5 Kg8 45. Ba6 Bd7 46. Rb4 Qg5 47. Rb7 Bxf4 ({Better is} 47... Qd8 $1 $11) 48. Qxf4 $14 Qxf4 49. gxf4 $11 {[%mdl 4096] Endgame KRB-KRB} Bc8 {[#]} 50. Ra7 $1 Bxa6 51. Rxa6 $16 {KR-KR} Rf6 ({Black should try} 51... Rc8) 52. Kg3 Re6 {[#]} 53. Kh4 (53. Ra8+ $1 $16 Kf7 54. Rc8) 53... h6 $1 $14 54. Ra3 Re7 55. Kh3 Kf7 56. Kg2 Ke6 (56... Rb7 $1 $11 {remains equal.}) 57. Rg3 (57. Ra8 $16) 57... Kf7 58. Kf1 (58. Kh2 $14) 58... Ra7 $11 {The position is equal.} 59. Rg6 {[%mdl 64] Double Attack} Ra4 60. Rxh6 Rxd4 61. Rxc6 {aiming for Rc7+.} Rc4 62. Rc7+ Kg8 63. c6 d4 64. Kg2 Rc3 65. Rc8+ Kg7 66. Rc7+ Kg8 67. h6 Kh8 68. Rf7 {Threatens to win with c7.} Rxc6 69. Rxf5 Rd6 {And now ...d3 would win.} 70. Kf1 d3 {( -> ...d2)} 71. Ke1 Ra6 72. Re5 Ra1+ 73. Kd2 Ra2+ 74. Kd1 {Accuracy: White = 53%, Black = 71%.} 1/2-1/2

[Event "49th Rilton Cup 2019-20"]
[Site "Stockholm"]
[Date "2020.01.02"]
[Round "6.2"]
[White "Moradiabadi, Elshan"]
[Black "Thybo, Jesper Sondergaard"]
[Result "1/2-1/2"]
[WhiteElo "2539"]
[BlackElo "2576"]
[Annotator "TA"]
[PlyCount "73"]
[EventDate "2019.12.27"]
[EventType "swiss"]
[EventCountry "SWE"]
[SourceTitle "playchess.com"]
[Source "ChessBase"]
[SourceQuality "1"]

{[%evp 11,73,0,0,0,19,0,2,-10,-8,-17,-10,-14,0,-6,0,0,6,7,17,11,5,0,36,45,35,0,28,18,52,62,63,43,38,0,72,0,49,26,27,26,32,37,39,26,41,27,41,53,45,0,0,0,0,0,0,0,0,0,0,0,0,0,0,0]} 1. d4 Nf6 2. Bg5 d5 3. e3 c5 4. c3 Ne4 5. Bf4 Nc6 6. Nf3 Qb6 {[#] aiming for ...e5.} 7. Qb3 {D03: 1 d4 d5 2 Nf3 Nf6 3 Bg5, including Torre Attack with early ...d5} c4 8. Qc2 h6 9. Nfd2 $146 ({Predecessor:} 9. Nbd2 Bf5 10. Nxe4 Bxe4 11. Qc1 e6 12. Be2 Be7 13. Nd2 Bh7 14. e4 O-O {½-½ (40) Mufic,G (2247)-Korneev,O (2569) Forni di Sopra 2017}) 9... g5 {Strongly threatening ...Bf5.} 10. Bg3 $1 Nxg3 11. hxg3 e5 12. dxe5 Nxe5 13. Nf3 Nxf3+ 14. gxf3 Be6 15. Nd2 Bg7 16. Bh3 Bxh3 17. Rxh3 Qe6 18. Rh1 b5 19. f4 a5 20. Nf3 Qg4 21. Nh2 Qe6 22. Nf3 Qg4 $1 {[%cal Rg4f3]} 23. Nh2 Qe6 $1 24. O-O-O b4 $1 25. Nf3 a4 26. cxb4 a3 27. Nd4 Qb6 28. fxg5 hxg5 29. Rxh8+ Bxh8 30. bxa3 Rxa3 {The position is equal.} 31. Qf5 {[#] Hoping for Nc2.} Bxd4 $1 32. Rxd4 Qxb4 $11 {KQR-KQR} 33. Qe5+ Kf8 $1 34. Qh8+ Ke7 35. Qe5+ Kf8 36. Qh8+ Ke7 37. Qe5+ {Accuracy: White = 75%, Black = 77%.} 1/2-1/2

[Event "49th Rilton Cup 2019-20"]
[Site "Stockholm"]
[Date "2020.01.02"]
[Round "6.3"]
[White "Meshkovs, Nikita"]
[Black "Quesada Perez, Luis Ernesto"]
[Result "1/2-1/2"]
[WhiteElo "2558"]
[BlackElo "2499"]
[Annotator "ChessBase"]
[PlyCount "80"]
[EventDate "2019.12.27"]
[EventType "swiss"]
[EventCountry "SWE"]
[SourceTitle "playchess.com"]
[Source "ChessBase"]
[SourceQuality "1"]
[TimeControl "40/5400+30:1800+30"]

1. d4 {[%emt 0:01:14]} e6 {[%emt 0:04:34]} 2. Nf3 {[%emt 0:03:14]} f5 {[%emt 0:00:16]} 3. g3 {[%emt 0:03:14]} Nf6 {[%emt 0:00:07]} 4. Bg2 {[%emt 0:00:07]} d5 {[%emt 0:00:52]} 5. O-O {[%emt 0:01:33]} Bd6 {[%emt 0:00:15]} 6. c4 {[%emt 0:00:53]} c6 {[%emt 0:00:05]} 7. b3 {[%emt 0:00:26]} Qe7 {[%emt 0:00:18]} 8. Nc3 {[%emt 0:00:51]} O-O {[%emt 0:01:10]} 9. Bb2 {[%emt 0:04:15]} Nbd7 {[%emt 0:06:35]} 10. Rc1 {[%emt 0:06:35]} b6 {[%emt 0:01:05]} 11. cxd5 {[%emt 0:05:17]} exd5 {[%emt 0:01:20]} 12. Qc2 {[%emt 0:01:37]} g6 {[%emt 0:00:14]} 13. Rfd1 {[%emt 0:02:02]} Bb7 {[%emt 0:04:17]} 14. e3 {[%emt 0:06:58]} Ne4 {[%emt 0:17:07]} 15. Ne1 {[%emt 0:01:11]} Rae8 {[%emt 0:20:02]} 16. Nd3 {[%emt 0:02:15]} h5 {[%emt 0:00:11]} 17. Nf4 {[%emt 0:14:07]} Qg7 {[%emt 0:05:53]} 18. Qe2 {[%emt 0:03:27]} Ndf6 {[%emt 0:03:17]} 19. f3 {[%emt 0:08:13]} Nxc3 {[%emt 0:01:13]} 20. Bxc3 {[%emt 0:00:03]} h4 {[%emt 0:00:33]} 21. Qf2 {[%emt 0:02:47]} hxg3 {[%emt 0:00:57]} 22. hxg3 {[%emt 0:00:02]} Qh6 {[%emt 0:11:05]} 23. Nd3 {[%emt 0:06:15]} Rf7 {[%emt 0:05:30]} 24. Ne5 {[%emt 0:01:15]} Rh7 {[%emt 0:01:35]} 25. Kf1 {[%emt 0:02:53]} c5 {[%emt 0:00:11]} 26. f4 {[%emt 0:04:40]} Bxe5 {[%emt 0:01:14]} 27. dxe5 {[%emt 0:00:02]} Ng4 {[%emt 0:00:09]} 28. Qg1 {[%emt 0:02:06]} d4 {[%emt 0:07:38]} 29. Bxb7 {[%emt 0:03:20]} Nxe3+ {[%emt 0:00:16]} 30. Ke2 {[%emt 0:00:42]} Rxb7 {[%emt 0:00:17]} 31. Qh1 {[%emt 0:00:19]} Qh7 {[%emt 0:01:37]} 32. Qc6 {[%emt 0:00:25]} Qh2+ {[%emt 0:02:17]} 33. Kd3 {[%emt 0:00:01]} Nxd1 {[%emt 0:00:11]} 34. Qxe8+ {[%emt 0:06:01]} Kg7 {[%emt 0:00:00]} 35. Rxd1 {[%emt 0:02:34]} Qxg3+ {[%emt 0:00:02]} 36. Kc2 {[%emt 0:00:08]} Qxc3+ {[%emt 0:00:34]} 37. Kb1 {[%emt 0:00:00]} Qe3 {[%emt 0:02:28]} 38. Ka1 {[%emt 0:00:39]} Qc3+ {[%emt 0:00:11]} 39. Kb1 {[%emt 0:00:01]} Qe3 {[%emt 0:00:06]} 40. Ka1 {[%emt 0:00:19]} Qc3+ {[%emt 0:03:45]} 1/2-1/2

[Event "49th Rilton Cup 2019-20"]
[Site "Stockholm"]
[Date "2020.01.02"]
[Round "6.4"]
[White "Blomqvist, Erik"]
[Black "Nesterov, Arseniy"]
[Result "0-1"]
[WhiteElo "2537"]
[BlackElo "2482"]
[Annotator "ChessBase"]
[PlyCount "68"]
[EventDate "2019.12.27"]
[EventType "swiss"]
[EventCountry "SWE"]
[SourceTitle "playchess.com"]
[Source "ChessBase"]
[SourceQuality "1"]
[TimeControl "40/5400+30:1800+30"]

1. e4 {[%emt 0:00:00]} e5 {[%emt 0:00:00]} 2. Nf3 {[%emt 0:00:00]} Nc6 {[%emt 0:00:00]} 3. Bb5 {[%emt 0:00:11]} Nf6 {[%emt 0:00:00]} 4. O-O {[%emt 0:02:09]} Nxe4 {[%emt 0:00:11]} 5. Re1 {[%emt 0:00:15]} Nd6 {[%emt 0:00:18]} 6. Nxe5 {[%emt 0:00:12]} Nxe5 {[%emt 0:00:46]} 7. Rxe5+ {[%emt 0:00:12]} Be7 {[%emt 0:00:06]} 8. Bf1 {[%emt 0:00:14]} O-O {[%emt 0:00:10]} 9. d4 {[%emt 0:00:27]} Bf6 {[%emt 0:00:10]} 10. Re1 {[%emt 0:00:20]} Re8 {[%emt 0:00:08]} 11. Bf4 {[%emt 0:00:16]} Rxe1 {[%emt 0:00:05]} 12. Qxe1 {[%emt 0:00:07]} Ne8 {[%emt 0:00:06]} 13. Nc3 {[%emt 0:00:25]} Bxd4 {[%emt 0:00:49]} 14. Nd5 {[%emt 0:00:22]} c6 {[%emt 0:01:09]} 15. Ne7+ {[%emt 0:00:45]} Kf8 {[%emt 0:00:11]} 16. Nxc8 {[%emt 0:00:55]} Qf6 {[%emt 0:00:14]} 17. Rd1 {[%emt 0:00:55]} Rxc8 {[%emt 0:01:29]} 18. Qe4 {[%emt 0:00:27]} Bxf2+ {[%emt 0:07:34]} 19. Kxf2 {[%emt 0:00:24]} g5 {[%emt 0:00:05]} 20. Rxd7 {[%emt 0:00:58]} Rc7 {[%emt 0:04:04]} 21. Rxc7 {[%emt 0:18:30]} Nxc7 {[%emt 0:00:07]} 22. Bd3 {[%emt 0:00:56]} gxf4 {[%emt 0:10:03]} 23. Qb4+ {[%emt 0:16:37]} Kg7 {[%emt 0:00:29]} 24. Qxb7 {[%emt 0:00:33]} Nd5 {[%emt 0:13:07]} 25. Qxa7 {[%emt 0:03:44]} Qxb2 {[%emt 0:02:54]} 26. a4 {[%emt 0:08:43]} Qc3 {[%emt 0:12:31]} 27. Kf3 {[%emt 0:15:28]} Qe5 {[%emt 0:22:38]} 28. a5 {[%emt 0:04:58]} Ne3 {[%emt 0:19:54]} 29. Qd7 {[%emt 0:20:08]} h5 {[%emt 0:02:36]} 30. Qxc6 {[%emt 0:03:44]} Nc4 {[%emt 0:01:27]} 31. g3 {[%emt 0:01:08]} Nd2+ {[%emt 0:00:44]} 32. Kf2 {[%emt 0:01:24]} Qd4+ {[%emt 0:01:09]} 33. Ke2 {[%emt 0:00:30]} Qe3+ {[%emt 0:00:04]} 34. Kd1 {[%emt 0:00:04]} Nb1 {[%emt 0:00:05]} 0-1

[Event "49th Rilton Cup 2019-20"]
[Site "Stockholm"]
[Date "2020.01.02"]
[Round "6.5"]
[White "Ionov, Sergey"]
[Black "Pantzar, Milton"]
[Result "1/2-1/2"]
[WhiteElo "2521"]
[BlackElo "2410"]
[Annotator "ChessBase"]
[PlyCount "67"]
[EventDate "2019.12.27"]
[EventType "swiss"]
[EventCountry "SWE"]
[SourceTitle "playchess.com"]
[Source "ChessBase"]
[SourceQuality "1"]
[TimeControl "40/5400+30:1800+30"]

1. c4 {[%emt 0:00:00]} e6 {[%emt 0:01:24]} 2. g3 {[%emt 0:02:56]} d5 {[%emt 0:01:01]} 3. Bg2 {[%emt 0:00:07]} c6 {[%emt 0:02:37]} 4. Qc2 {[%emt 0:05:54]} Nf6 {[%emt 0:03:18]} 5. Nf3 {[%emt 0:00:28]} Be7 {[%emt 0:08:15]} 6. d4 {[%emt 0:08:51]} O-O {[%emt 0:00:52]} 7. O-O {[%emt 0:00:09]} b6 {[%emt 0:00:29]} 8. Rd1 {[%emt 0:05:56]} Bb7 {[%emt 0:01:52]} 9. Nc3 {[%emt 0:06:28]} Nbd7 {[%emt 0:06:02]} 10. b3 {[%emt 0:03:11]} Rc8 {[%emt 0:02:48]} 11. e4 {[%emt 0:04:48]} c5 {[%emt 0:11:31]} 12. exd5 {[%emt 0:03:02]} exd5 {[%emt 0:00:43]} 13. Qf5 {[%emt 0:00:20]} dxc4 {[%emt 0:09:21]} 14. d5 {[%emt 0:00:17]} Ne8 {[%emt 0:01:14]} 15. d6 {[%emt 0:15:08]} Bf6 {[%emt 0:04:37]} 16. Ng5 {[%emt 0:01:43]} g6 {[%emt 0:06:07]} 17. Qh3 {[%emt 0:03:03]} h5 {[%emt 0:03:00]} 18. Bxb7 {[%emt 0:11:00]} Rb8 {[%emt 0:00:30]} 19. Bd5 {[%emt 0:10:26]} Bxc3 {[%emt 0:00:50]} 20. Rb1 {[%emt 0:05:30]} Nef6 {[%emt 0:06:33]} 21. Bxc4 {[%emt 0:01:26]} Ne5 {[%emt 0:02:07]} 22. Bf4 {[%emt 0:03:19]} Nxc4 {[%emt 0:10:43]} 23. bxc4 {[%emt 0:00:02]} Qd7 {[%emt 0:01:01]} 24. Qxd7 {[%emt 0:02:15]} Nxd7 {[%emt 0:00:03]} 25. Rb3 {[%emt 0:02:17]} Bf6 {[%emt 0:02:38]} 26. Nf3 {[%emt 0:01:39]} Rfe8 {[%emt 0:00:36]} 27. Ra3 {[%emt 0:00:44]} a5 {[%emt 0:02:12]} 28. Re3 {[%emt 0:00:50]} Rxe3 {[%emt 0:04:20]} 29. fxe3 {[%emt 0:00:07]} Re8 {[%emt 0:02:12]} 30. Kf2 {[%emt 0:00:37]} Re4 {[%emt 0:01:32]} 31. Nd2 {[%emt 0:00:36]} Re6 {[%emt 0:00:18]} 32. Nf3 {[%emt 0:00:16]} Re4 {[%emt 0:00:29]} 33. Nd2 {[%emt 0:00:05]} Re6 {[%emt 0:00:13]} 34. Nf3 {[%emt 0:00:06]} 1/2-1/2

[Event "49th Rilton Cup 2019-20"]
[Site "Stockholm"]
[Date "2020.01.02"]
[Round "6.6"]
[White "Oratovsky, Michael"]
[Black "Kollars, Dmitrij"]
[Result "0-1"]
[WhiteElo "2423"]
[BlackElo "2584"]
[Annotator "TA"]
[PlyCount "78"]
[EventDate "2019.12.27"]
[EventType "swiss"]
[EventCountry "SWE"]
[SourceTitle "playchess.com"]
[Source "ChessBase"]
[SourceQuality "1"]

{[%evp 14,78,26,20,20,8,22,-4,0,-8,64,-8,-16,-17,-12,-14,0,0,0,0,0,-11,-13,-18,0,-24,-10,-12,0,-38,-22,-20,-31,-23,-27,-62,-13,-82,-38,-41,-21,-36,-4,-36,-30,-34,-35,-69,-51,-56,-16,-132,-121,-214,-214,-382,-303,-304,-300,-308,-275,-435,-440,-372,-365,-464,-464]} 1. e4 c5 2. Nf3 d6 3. Bb5+ Nd7 4. O-O a6 5. Bxd7+ Bxd7 6. d4 cxd4 7. Qxd4 Nf6 8. Bg5 e6 {B51: Sicilian: Moscow Variation (3 Bb5+) without 3...Bd7} 9. Nbd2 Bc6 10. Rfd1 Be7 {The position is equal.} 11. Nc4 $146 ({Predecessor:} 11. e5 dxe5 12. Qxd8+ Rxd8 13. Nxe5 Rd5 14. Ndf3 Rxd1+ 15. Rxd1 Be4 16. Rd4 Bxf3 17. Nxf3 {½-½ (34) Svidler,P (2769)-Topalov,V (2793) Stavanger 2013}) 11... Qc7 (11... O-O $11) 12. Nxd6+ (12. Bxf6 $14 gxf6 13. Rd3 (13. Nxd6+ Bxd6 14. Qxd6 Qxd6 $11)) 12... Qxd6 $11 13. Qxd6 Bxd6 14. Bxf6 gxf6 15. Rxd6 Bxe4 16. Ne1 Bd5 17. Rb6 O-O-O 18. Rb4 Bc6 19. Rb3 Rd2 20. Rc1 Rhd8 21. Nd3 {Threatening Kf1.} Ba4 22. Rc3+ Kb8 23. b3 Bb5 {[%cal Rb5d3]} 24. Nb2 a5 25. a4 (25. h3 $11 {keeps the balance.}) 25... Ba6 26. h3 Re2 27. Nd3 b6 28. Nf4 Re4 $36 {[%mdl 2048] White is under pressure.} 29. Nd3 Red4 {[%cal Ra6d3]} 30. Nb2 f5 31. Re1 f4 32. Rf3 (32. Re5 $11) 32... Rc8 $17 33. Nd3 (33. c4 $17) 33... Rxc2 $19 34. Ne5 $2 {[#]} (34. Nxf4 {was the only defense.} Bb7 35. Ne2) 34... f6 35. Nc4 e5 36. Na3 Rc5 37. h4 (37. Nb5 $142 Bxb5 38. axb5) 37... Bb7 38. Rh3 Bc8 39. Rh1 Be6 {Accuracy: White = 27%, Black = 49%.} 0-1

[Event "49th Rilton Cup 2019-20"]
[Site "Stockholm"]
[Date "2020.01.02"]
[Round "6.7"]
[White "Kulaots, Kaido"]
[Black "Sorensen, Hampus"]
[Result "1-0"]
[WhiteElo "2538"]
[BlackElo "2364"]
[Annotator "TA"]
[PlyCount "105"]
[EventDate "2019.12.27"]
[EventType "swiss"]
[EventCountry "SWE"]
[SourceTitle "playchess.com"]
[Source "ChessBase"]
[SourceQuality "1"]

{[%evp 13,105,16,59,33,62,57,74,72,81,79,97,64,53,65,62,47,62,18,39,46,53,20,134,120,161,150,163,151,145,150,212,216,377,363,392,382,383,280,270,276,267,261,267,268,226,230,350,334,352,306,354,304,317,312,579,426,554,370,345,335,386,406,355,335,1150,1137,1654,1637,6095,6095,5695,5591,29965,29975,2115,1083,29983,29985,29985,29985,29987,29988,29988,29989,29989,29990,29990,29991,29994,29995,29995,29996,29997,29998]} 1. e4 e5 2. Nf3 Nc6 3. Bb5 a6 4. Ba4 Nf6 5. O-O Bc5 6. c3 b5 7. Bc2 d6 8. a4 {Threatens to win with axb5. C78: Ruy Lopez: Archangelsk and Möller Defences} Bd7 (8... Bg4 9. d3 O-O 10. h3 Bh5 11. Re1 b4 12. g4 Bg6 13. Bg5 Rb8 14. Nbd2 Ba7 15. Nc4 Qe7 {1-0 (42) Hovhannisyan,R (2608)-Kovalenko,I (2641) Riga 2018}) 9. d4 Bb6 10. Bg5 {White is better.} h6 11. Bxf6 gxf6 12. axb5 $146 ({Predecessor:} 12. Bd3 Ne7 13. Na3 c6 14. Nc2 O-O 15. Nh4 Ng6 16. Qh5 {1-0 (47) Popelka,M (2457)-Gubas,J (2343) ICCF email 2008}) 12... axb5 13. Rxa8 Qxa8 14. Na3 {[%cal Bb1a3,Ba3c2,Bc2b4][%mdl 32]} Ne7 15. Nh4 Ng6 16. Nxg6 fxg6 17. Qd3 Qa6 (17... O-O $11 {keeps the balance.}) 18. Bb3 $16 Ke7 {[#]} 19. Nc2 $1 {Strongly threatening Qg3.} ({Of course not} 19. dxe5 $6 fxe5 20. Nc2 Qa7 $11) 19... Qc8 20. Nb4 {And now dxe5 would win.} c6 21. Rd1 ({Don't play} 21. dxe5 $6 fxe5 22. Rd1 Bc5 $14) 21... Bc7 (21... exd4 $16 22. cxd4 Ba5) 22. c4 $18 Ba5 $2 (22... bxc4 23. Qxc4 Rf8 24. Nxc6+ Bxc6) 23. dxe5 Bxb4 24. exd6+ Kf8 25. Qd4 Kg7 26. c5 Ba5 27. Ra1 Qd8 28. f4 Re8 {[#]} 29. e5 $1 {[%mdl 1024] White has strong compensation.} g5 (29... h5 {was worth a try.} 30. exf6+ {[%mdl 64] Overworked Piece} Qxf6 31. Qxf6+ Kxf6 32. Rxa5 Re1+ 33. Kf2 Rb1) 30. Qe4 {aiming for e6.} f5 31. Qd4 Kg6 32. g3 gxf4 33. Qxf4 Be6 $2 (33... Bb4) 34. Bc2 b4 35. b3 Rf8 36. h4 Kg7 37. Kh2 Rf7 38. Ra4 Ra7 $2 (38... Bd5 39. Bxf5 h5) 39. Bxf5 Bxf5 40. Qxf5 Qf8 41. Qxf8+ Kxf8 {[%mdl 4096] Endgame KRB-KR} 42. e6 Ra8 43. g4 Kg7 44. Kg3 {Rxa5! is the strong threat.} Kf6 45. e7 {White mates.} Kf7 46. Kf4 Ke8 47. Ke5 Kf7 48. Kf5 Ra6 49. g5 hxg5 50. hxg5 Ra7 51. g6+ Ke8 52. Ke6 Rb7 53. g7 {Accuracy: White = 79%, Black = 36%.} 1-0

[Event "49th Rilton Cup 2019-20"]
[Site "Stockholm"]
[Date "2020.01.02"]
[Round "6.8"]
[White "Kucuksari, Kaan"]
[Black "Hillarp Persson, Tiger"]
[Result "0-1"]
[WhiteElo "2337"]
[BlackElo "2537"]
[Annotator "TA"]
[PlyCount "68"]
[EventDate "2019.12.27"]
[EventType "swiss"]
[EventCountry "SWE"]
[SourceTitle "playchess.com"]
[Source "ChessBase"]
[SourceQuality "1"]

{[%evp 11,68,33,32,39,46,0,0,2,0,0,-7,-24,-18,-26,-45,-58,-74,-58,-74,-93,-50,-266,-266,-278,-271,-363,-366,-693,-668,-743,-732,-679,-642,-691,-702,-766,-818,-847,-771,-771,-591,-580,-552,-643,-637,-861,-852,-838,-833,-866,-862,-937,-913,-1020,-1018,-1011,-991,-1392,-1060]} 1. d4 g6 2. c4 Bg7 3. g3 d6 4. Nf3 Nd7 5. Bg2 e5 6. Nc3 Ne7 7. dxe5 {A41: 1 d4 d6: Tartakower System and Modern Defence} dxe5 8. Bg5 $146 ({Predecessor:} 8. O-O O-O 9. Qc2 Nc6 10. Bg5 Nd4 11. Qc1 f6 12. Bh6 Nxf3+ 13. exf3 c6 14. Bxg7 Kxg7 {1-0 (29) Magalashvili,D (2506)-Kuljasevic,D (2550) Thessaloniki 2018}) 8... h6 9. Bd2 {The position is equal.} O-O 10. Qc1 Kh7 11. h4 Nc5 {[%cal Bd7c5,Bc5e6,Be6g7][%mdl 32]} 12. h5 g5 $1 13. b4 Ne6 $1 14. Qc2+ f5 15. O-O-O Qe8 {Hoping for ...e4.} 16. Nd5 $2 {[#]} (16. g4 $15) 16... e4 $19 17. Bc3 exf3 18. Bxg7 Nxg7 ({Not} 18... fxg2 19. Bxf8 Nxd5 20. Rhg1 $19) 19. Nxc7 $2 (19. Bxf3 Nxd5 20. cxd5) 19... Qc6 {Black is clearly winning.} 20. Nxa8 fxg2 21. Rhg1 b6 22. f3 Be6 23. Rd4 Rxa8 24. Rxg2 Rc8 25. e4 Qxc4 26. Rxc4 Rxc4 27. exf5 Nexf5 28. g4 Rxc2+ {[%mdl 64] [#] Discovered Attack} 29. Rxc2 Nd4 30. Rc7 Bxa2 31. Rxa7 Bc4 32. Kd2 Nxf3+ 33. Ke3 Ne5 34. Rb7 b5 {Accuracy: White = 35%, Black = 87%.} 0-1